The Milwaukee sentinel
| New Title: | Milwaukee journal (Milwaukee, Wis. : 1890) Milwaukee journal sentinel |
|---|---|
| Previous Title: | Daily Republican-sentinel Sunday Milwaukee telegraph Milwaukee news (Milwaukee, Wis. : 1937) |
| Format: | Electronic Newspaper |
| Language: | English |
| Published: |
Milwaukee, Wis. :
Sentinel Co.,
1883-1995.
|
| Subjects: | |
| Online Access: | Full text available from Research Library: 03/14/1990 to 12/31/1994 |
MARC
| LEADER | 00000nas a2200000 a 4500 | ||
|---|---|---|---|
| 001 | ssj0025182 | ||
| 003 | WaSeSS | ||
| 005 | 20200512172242.0 | ||
| 006 | m d | ||
| 007 | cr n | ||
| 008 | 850222d18831995wiudn nes 0 a0eng c | ||
| 010 | |a sn 85033183 | ||
| 022 | |l 1052-4479 |y 1052-4479 | ||
| 032 | |a 350500 |b USPS | ||
| 035 | |a (WaSeSS)ssj0025182 | ||
| 040 | |a NPU |b eng |c NPU |d DLC |d NPV |d MFN |d NSD |d MN# |d MGN |d NVF |d CRL |d DLC |d OCLCQ |d CUI |d OCLCF |d IUL |d OCL |d OCLCQ |d WaSeSS | ||
| 042 | |a nsdp |a pcc | ||
| 043 | |a n-us-wi | ||
| 050 | 4 | |a AN | |
| 130 | 0 | |a Milwaukee sentinel (Milwaukee, Wis. : 1883) | |
| 222 | 4 | |a The Milwaukee sentinel |b (1883) | |
| 245 | 1 | 4 | |a The Milwaukee sentinel |h [electronic resource]. |
| 246 | 1 | |i Issues for Jan. 1, 1883-<Nov. 11, 1883> published as: |a Milwaukee Sunday sentinel | |
| 246 | 1 | |i Issues for <Nov. 25, 1883>-May 31, 1924 published as: |a Sunday sentinel | |
| 246 | 1 | |i Issues for June 1, 1924-Sept. 1, 1929 published as: |a Sunday sentinel and Milwaukee telegram | |
| 246 | 1 | |i Issues for Sept. 19, 1937-1938 published as: |a Milwaukee Sunday news-sentinel | |
| 246 | 1 | |i Issues for Jan. 16, 1939-June 20, 1939 have added title: |a Milwaukee sentinel, Milwaukee news | |
| 246 | 3 | 0 | |a Sentinel |
| 260 | |a Milwaukee, Wis. : |b Sentinel Co., |c 1883-1995. | ||
| 310 | |a Daily (except Sunday), |b July 23, 1962-Mar. 31, 1995 | ||
| 321 | |a Daily, |b <Jan. 1, 1890>-July 22, 1962 | ||
| 362 | 0 | |a Whole no. 12,571 (Jan. 1, 1883)-v. 33, no. 214 (Mar. 31, 1995). | |
| 500 | |a Publisher varies. | ||
| 506 | |a License restrictions may limit access. | ||
| 515 | |a Volumes for <Jan. 1, 1890-June 26, 1937> called also whole no. <15651-35790>. | ||
| 515 | |a With the issue of July 23, 1962 numbering reverts to Vol. 1, no. 1. | ||
| 580 | |a Other daily ed.: Evening sentinel (Milwaukee, Wis.), 1917-1924. | ||
| 580 | |a Weekly ed.: Weekly sentinel and Wisconsin farm journal, <1884>. | ||
| 580 | |a Merged with: Milwaukee journal (Milwaukee, Wis. : 1890), to become: Milwaukee journal sentinel. | ||
| 651 | 0 | |a Milwaukee (Wis.) |v Newspapers. | |
| 651 | 0 | |a Milwaukee County (Wis.) |v Newspapers. | |
| 651 | 0 | |a Washington County (Wis.) |v Newspapers. | |
| 651 | 7 | |a Wisconsin |z Washington County. |2 fast |0 (OCoLC)fst01209942 | |
| 651 | 7 | |a Wisconsin |z Milwaukee. |2 fast |0 (OCoLC)fst01206626 | |
| 651 | 7 | |a Wisconsin |z Milwaukee County. |2 fast |0 (OCoLC)fst01202910 | |
| 655 | 0 | |a Electronic journals. | |
| 752 | |a United States |b Wisconsin |c Milwaukee |d Milwaukee. | ||
| 752 | |a United States |b Wisconsin |c Washington |d Milwaukee. | ||
| 775 | 1 | |t Evening sentinel (Milwaukee, Wis.) |w (DLC)sn 86086599 |w (OCoLC)14928559 | |
| 775 | 1 | |t Weekly sentinel and Wisconsin farm journal |w (DLC)sn 86086609 |w (OCoLC)14641538 | |
| 780 | 0 | 0 | |t Daily Republican-sentinel |w (DLC)sn 86086598 |w (OCoLC)14644843 |
| 780 | 0 | 5 | |t Sunday Milwaukee telegraph |
| 780 | 0 | 5 | |t Milwaukee news (Milwaukee, Wis. : 1937) |g 1939 |w (DLC)sn 87082443 |w (OCoLC)15539338 |
| 785 | 1 | 7 | |t Milwaukee journal (Milwaukee, Wis. : 1890) |w (DLC)sn 83045292 |w (OCoLC)1757504 |
| 785 | 1 | 7 | |t Milwaukee journal sentinel |w (DLC)sn 95001917 |w (OCoLC)32608091 |
| 856 | 4 | 0 | |z Full text available from Research Library: 03/14/1990 to 12/31/1994 |u https://search.proquest.com/publication/45888 |